Personajes mitológicos en escudos de fútbol - Estadísticas

Estadísticas generales
  • Esta prueba ha sido intentada 43 veces
  • La puntuación promedio es 6 de 11
Estadísticas de respuestas
Imagen Respuesta % Correcto
Hércules
92%
Hércules
92%
Atlas
74%
Aquiles
62%
Áyax
54%
Atalanta
49%
Hermes
46%
Fortuna
44%
Thor
38%
Ares
33%
Apolo
31%
No se encontraron pruebas coincidentes
Distribución de puntuación
Porcentaje de gente con cada puntuación
Porcentaje por número respondido
Historial de tus puntuaciones
No has intentado esta prueba.